000 00628nam a2200205 i 4500
001 141393
003 ES-MaACL
007 t|
008 070921s1983 sp ||||1| spa d
100 1 _aVizcaíno Casas, Fernando.
_9115612
245 1 0 _aNiñas...¡al salón! /
_cFernando Vizcaíno Casas ; prólogo de Narciso Ibáñez Serrador.
250 _a[27ª ed.].
260 _aBarcelona :
_bPlaneta,
_c[1983]
300 _a233 p. ;
_c18 cm.
490 1 _aFábula ;
_v2
700 1 _aIbáñez Serrador, Narciso.
_964940
830 0 _aFábula ;
_v2
_9179737
852 _aES-MaACL
_jL-6495
_bR.107350
999 _c141393
_d141393